00400 2200169 4500001002100000008004100021035002000062082000800082084001400090100001400104245003200118250000600150260003700156300001100193650001400204990001200218INLIS000000000001130 ind  a0010-0524000365 a400 a400 PAM p aPamungkas aPedoman Umum EYDcPamungkas a1 aSurabaya :bApollo Lestaric1972 a67 hlm aNon Fiksi a0744108